| 000 | 01637cam a22003011i 4500 | ||
|---|---|---|---|
| 003 | SA-RiAUC | ||
| 005 | 20241130092551.0 | ||
| 008 | 241130s2003 le g 000 0 ara c | ||
| 020 | _a2745138065 | ||
| 040 |
_aJO-IrYU _bara _cSA-RiAUC _erda |
||
| 082 | 0 | 4 |
_a251 _qSA-RiAUC |
| 090 |
_a251 _bف ر ك |
||
| 100 | 1 |
_aالفركاح، عبد الرحمن بن إبراهيم بن سباع، _d624-690 هجري _eمؤلف. |
|
| 245 | 1 | 0 |
_aشرح الورقات / _cتأليف تاج الدين بن الفركاح عبد الرحمن بن إبراهيم بن سباع الفزاري الشافعي. ويليه شرح الورقات في أصول الفقه / تأليف جلال الدين محمد بن أحمد المحلي الشافعي ؛ تحقيق محمد حسن محمد حسن إسماعيل. |
| 264 | 1 |
_aبيروت : _bدار الكتب العلمية، _c2003 |
|
| 300 | _aصفحة | ||
| 336 |
_aنص _btxt _2rdacontent _3كتاب |
||
| 337 |
_aبدون وسيط _bn _2rdamedia |
||
| 338 |
_aمجلد _bnc _2rdacarrier |
||
| 650 | 7 |
_aأصول الفقه الإسلامي _2aucsh |
|
| 700 | 1 |
_aالشافعي، محمد حسن محمد حسن إسماعيل _eمحقق. |
|
| 700 | 1 | 2 |
_aإمام الحرمين، عبد الملك بن عبد الله بن يوسف، _d419-478 هجري |
| 700 | 1 | 2 |
_aجلال الدين المحلي، محمد بن أحمد بن محمد، _d791-864 هجري _tشرح الورقات في أصول الفقه. |
| 740 | 0 | 2 | _aشرح الورقات في أصول الفقه. |
| 740 | 2 | 2 | _aالورقات في أصول الفقه. |
| 942 |
_2ddc _cBOOK |
||
| 949 |
_aSA-JeALM _d241130 _ukhaled123 _n1 |
||
| 999 |
_c2867 _d2867 |
||